| 000 | 00431nam a2200169Ia 4500 | ||
|---|---|---|---|
| 008 | 230917s9999||||xx |||||||||||||| ||und|| | ||
| 020 | _cRs. 499.00 | ||
| 040 |
_e5010587 _aMAIN |
||
| 041 | _aEnglish | ||
| 082 | _a547.139 K127O(5) | ||
| 100 | _aKalsi, P S | ||
| 245 | 0 | _aOrganic reactions and their mechanisms | |
| 250 | _a5th ed. | ||
| 260 |
_aNew Delhi _bNew Age International _c2020 |
||
| 300 | _axxiv, 699 p. | ||
| 942 | _cBK | ||
| 999 |
_c10166 _d10166 |
||